Transient expression of chitinase gene in Bacillus subtilis: An endophyte of Hevea brasiliensis (Record no. 71483)

MARC details
000 -LEADER
fixed length control field 00736nam a2200229Ia 4500
100 ## - MAIN ENTRY--AUTHOR NAME
Personal name Sathik M B M
245 #0 - TITLE STATEMENT
Title Transient expression of chitinase gene in Bacillus subtilis: An endophyte of Hevea brasiliensis
260 ## - PUBLICATION, DISTRIBUTION, ETC. (IMPRINT)
Name of publisher PLACROSYM XVIII. 10-13 December 2008, National Research Centre for Cashew, Puttur, Karnataka. Journal of Plantation Crops, 36 (3):239-242.
Year of publication 2008
520 ## - SUMMARY, ETC.
Summary, etc DL
650 ## - SUBJECT ADDED ENTRY--TOPICAL TERM
Topical Term Bacillus sp
650 ## - SUBJECT ADDED ENTRY--TOPICAL TERM
Topical Term Bio-control
650 ## - SUBJECT ADDED ENTRY--TOPICAL TERM
Topical Term Corynespora leaf disease
650 ## - SUBJECT ADDED ENTRY--TOPICAL TERM
Topical Term Endosymbionts
700 ## - ADDED ENTRY--PERSONAL NAME
Personal name Jacob C K
700 ## - ADDED ENTRY--PERSONAL NAME
Personal name Jacob J
700 ## - ADDED ENTRY--PERSONAL NAME
Personal name Joseph K
700 ## - ADDED ENTRY--PERSONAL NAME
Personal name Musthapha M.P
700 ## - ADDED ENTRY--PERSONAL NAME
Personal name Philip S
700 ## - ADDED ENTRY--PERSONAL NAME
Personal name Rani Mary Jose
942 ## - ADDED ENTRY ELEMENTS (KOHA)
Koha item type Journals
Holdings
Withdrawn status Lost status Damaged status Not for loan Home library Current library Shelving location Date acquired Koha item type
      Journals RRII Library RRII Library Plant pathology 17/12/2008 Journals